000 01054nas a2200361 4500
001 BR9705399
003 BR-BrBNA
005 20231205100631.0
007 ta
008 230509b bl.|||p| |||| 00| 00por d
040 _aBR-BrBNA
_bpor
_cBiblioteca Nacional de Agricultura
041 _a(Pt)
072 _aF61
100 1 _aSfredo, G.J.
100 1 _aBorkert, C.M.
100 1 _aNepomuceno, A.L.
100 1 _aOliveira, M.C.N. de
245 1 _aEficacia de produtos contendo micronutrientes, aplicados via semente, sobre produtividade e teores de proteina da soja
650 _aSolo
650 _aSoja
650 _aProdutividade
650 _aMicroelemento
650 _aDeficiencia Mineral
650 _aMolibdenio
650 _aCobalto
650 _aZinco
650 _aCobre
650 _aBoro
650 _aComposicao Quimica
773 0 _tRevista Brasileira de Ciencia do Solo (Brazil)
_xISSN 0100-0683
_g(Jan-Mar 1997), v. 21(1) p. 41-45
_wBR9705399
909 _a202311
_bLúcia
_c55
_dLúcia Elande
942 _2AGRIS
_n0
_cANA
999 _c157137
_d157137